Statistics for Tell Me Why (TV) - Taylor Swift (All Lyrics)

Click here to take the quiz!

General Stats

  • This quiz has been taken 31 times
  • The average score is 282 of 349

Answer Stats

Lyrics% Correct
me
100%
me,
100%
tell
100%
Tell
100%
Why
100%
why,
100%
why
100%
a
95%
I
95%
that
95%
to
95%
You
95%
you
95%
and
89%
And
89%
do
89%
love
89%
love,
89%
no
89%
on
89%
then
89%
could
84%
I'm
84%
not
84%
now
84%
one
84%
see
84%
so
84%
So
84%
what
84%
your
84%
you're
84%
are
79%
but
79%
But
79%
can
79%
doing
79%
don't
79%
for
79%
go
79%
have
79%
How
79%
in
79%
it
79%
know
79%
like
79%
make
79%
oh
79%
oh,
79%
said
79%
say,
79%
the
79%
think
79%
who
79%
down
74%
feel
74%
let
74%
my
74%
need
74%
of
74%
push
74%
thing
74%
when
74%
around
68%
attitude
68%
bulletproof,
68%
here
68%
Here's
68%
I've
68%
last
68%
Makes
68%
might
68%
mind?
68%
night
68%
sick
68%
tired
68%
want
68%
back,
63%
chance,
63%
cover
63%
Feelin'
63%
feelin'
63%
from
63%
got
63%
hard
63%
only
63%
put
63%
reasons
63%
remember
63%
run
63%
swing,
63%
take
63%
temper
63%
told
63%
took
63%
believe
58%
book
58%
day
58%
ground,
58%
heartbeat
58%
mean
58%
perfect
58%
ruin
58%
shot
58%
someone's
58%
step
58%
streak
58%
trying
58%
write
58%
dreams
53%
inside?
53%
Well,
53%
whole
53%
Yes,
53%
cut
47%
get
47%
small
47%
ask
42%
confused
42%
Forget
42%
frustrated
42%

Score Distribution

Percentile by Number Answered

Percent of People with Each Score

Your Score History

You have not taken this quiz